| Tag |
First Indicator |
Second Indicator |
Subfields |
| LEADER |
00000cam a2200000 a 4500 |
| 001 |
in00001269021 |
| 005 |
20151004050807.0 |
| 008 |
911204s1993 nyua b 001 0 eng |
| 010 |
|
|
|a 91046144
|
| 020 |
|
|
|a 0816905541
|
| 035 |
|
|
|a (OCoLC)25050202
|
| 035 |
|
|
|9 AGW3347AM
|
| 040 |
|
|
|a DLC
|c DLC
|d UtOrBLW
|
| 049 |
|
|
|a TXAM
|
| 050 |
0 |
0 |
|a TP155.7
|b .G85 1993
|
| 082 |
0 |
0 |
|a 660/.2815/0289
|2 20
|
| 245 |
0 |
0 |
|a Guidelines for safe automation of chemical processes.
|
| 264 |
|
1 |
|a New York, N.Y. :
|b Center for Chemical Process Safety of the American Institute of Chemical Engineers,
|c [1993]
|
| 264 |
|
4 |
|c ©1993
|
| 300 |
|
|
|a xxiv, 424 pages :
|b illustrations ;
|c 24 cm.
|
| 336 |
|
|
|a text
|b txt
|2 rdacontent
|
| 337 |
|
|
|a unmediated
|b n
|2 rdamedia
|
| 338 |
|
|
|a volume
|b nc
|2 rdacarrier
|
| 504 |
|
|
|a Includes bibliographical references and index.
|
| 650 |
|
0 |
|a Chemical processes
|x Automation
|x Safety measures.
|
| 710 |
2 |
|
|a American Institute of Chemical Engineers.
|b Center for Chemical Process Safety.
|
| 999 |
|
|
|a MARS
|
| 999 |
f |
f |
|s 1343c2ab-b8fe-36ee-948e-8c25c7f26be8
|i 24370de8-e064-3d7c-a592-6e8c31d5a76b
|t 0
|
| 952 |
f |
f |
|p normal
|a Texas A&M University
|b College Station
|c Sterling C. Evans Library
|d Evans: Library Stacks
|t 0
|e TP155.7 .G85 1993
|h Library of Congress classification
|i unmediated -- volume
|m A14819945866
|
| 998 |
f |
f |
|a TP155.7 .G85 1993
|t 0
|l Evans: Library Stacks
|